00605 2200205 4500001002100000005001500021035002000036007000300056008004100059020001800100082001000118084001600128100002300144245004700167260004400214500010000258650001600358856001700374990000800391INLIS00000000000017220220217082923 a0010-0222000050ta220217 g 0 ind  a9786020017778 a297.5 a297.5 AMI k0 aAmirulloh Syarbini1 aKiat-kiat Islami :bMendidik akhlak remaja aJakarta :bElex Media Komputindo,c2012 aBuku ini membahas topik : memahami dunia remaja, konsep islam mengenai pendidikan akhlak remaja 4aEtika Islam aKoleksi Umum a652